Manažment kvality zbierka príkladov
Saved in:
| Main Author: | |
|---|---|
| Corporate Author: | |
| Other Authors: | , , |
| Format: | Book |
| Language: | Slovak |
| Published: |
Bratislava
Vydavateľstvo EKONÓM
2000
|
| Subjects: | |
| Tags: |
No Tags, Be the first to tag this record!
|
MARC
| LEADER | 00000nam a2200000 4500 | ||
|---|---|---|---|
| 001 | c118021 | ||
| 005 | 20221123133044.3 | ||
| 020 | |a 80-225-1207-9 | ||
| 041 | 0 | |a slo | |
| 044 | |a SK | ||
| 245 | 1 | 0 | |a Manažment kvality |b zbierka príkladov |c Pavol Molnár ... [et al.] |
| 264 | 1 | |a Bratislava |b Vydavateľstvo EKONÓM |c 2000 | |
| 300 | |a 141 s. | ||
| 610 | 2 | 0 | |a manažment |
| 610 | 2 | 0 | |a kvalita |
| 610 | 2 | 0 | |a riadenie kvality |
| 610 | 2 | 0 | |a normalizácia technická |
| 610 | 2 | 0 | |a efektívnosť ekonomická |
| 610 | 2 | 0 | |a výroba |
| 610 | 2 | 0 | |a výrobky |
| 610 | 2 | 0 | |a štúdie prípadové |
| 610 | 2 | 0 | |a segmentácia trhu |
| 610 | 2 | 0 | |a štatistika matematická |
| 610 | 2 | 0 | |a dodávatelia |
| 610 | 2 | 0 | |a testovanie výrobkov |
| 100 | 1 | |a Molnár, Pavol | |
| 700 | 1 | |a Svatý, Fedor | |
| 700 | 1 | |a Kapusta, Ján | |
| 700 | 1 | |a Macko, Ján | |
| 710 | 2 | |a Ekonomická univerzita v Bratislave. Fakulta podnikového manažmentu | |